Дело о приспособлении Лосинской фабрики под тюремное помещение

Доступно только в Электронных читальных залах Найти на картеНа карте
RUSMARC
00003671nmc2a22000003x 450
001cfbee8fe-99e8-4ce6-98b2-13e920cb8ed2
00520200228192130.0
100##$a20180827l18631876k l0rusy0189 ca
1010#$arus
102##$aRU
2001#$aДело о приспособлении Лосинской фабрики под тюремное помещение
$j27 марта 1863 г. - 18 мая 1876 г.
251##$cДело
300##$aДело
801#0$aRU
$bРГИА
$c20180827
$gRCR
801#1$aRU
$bГлавНИВЦ
$c20180827
$2rusmarc
801#2$aRU
$bПБ им. Б.Н. Ельцина
$c20200228
$gRCR
$2rusmarc
850##$aРГИА
852##$aРГИА
$eФедеральное казенное учреждение "Российский государственный исторический архив" (РГИА)
$j860
937##$hРГИА
$d12286820
$aASBIBLIO_SCAN
462#0$1001bbb86c42-bd3a-4602-b639-33cd0e8974a4
$12001
$aДела Департамента полиции исполнительной МВД за 1863 год
$1251
$cОпись
$1852
$j24
461#0$10013e300ed0-cd39-49af-8489-5ba5b90fa401
$12001
$aДепартамент полиции исполнительной МВД
$1251
$cФонд
$1852
$j1286
215##$a287 л.
$cплан.
$d36,5х26 см
371##$aДокумент не является опубликованным и широко распространяемым
105##$ae###
1222#$ad
035##$acfbee8fe-99e8-4ce6-98b2-13e920cb8ed2
856##$uhttp://readingroom.main.prlib.ru/item.aspx?id_node=n142176903&mode=full
Формат отображения